15 Largest Cities in South Carolina - Statistics

General Stats
  • This quiz has been taken 32 times
  • The average score is 9 of 15
Answer Stats
Population City % Correct
147,928 Charleston
100%
137,276 Columbia
95%
35,116 Myrtle Beach
95%
69,725 Greenville
79%
114,542 North Charleston
74%
39,816 Florence
63%
88,900 Mount Pleasant
63%
37,990 Spartanburg
63%
72,883 Rock Hill
58%
38,068 Hilton Head Island
53%
31,516 Aiken
47%
50,318 Summerville
47%
42,920 Sumter
47%
44,502 Goose Creek
37%
35,151 Greer
26%
No matching quizzes found
Score Distribution
Percent of People with Each Score
Percentile by Number Answered
Your Score History
You have not taken this quiz